Statistics for Easy Sudoku #1

Click here to take the quiz!

General Stats

  • This quiz has been taken 426 times
  • The average score is 46 of 50

Answer Stats

HintAnswer% Correct
1-11
96%
2-99
95%
2-22
94%
2-44
94%
3-33
93%
3-77
93%
3-66
93%
1-33
92%
4-22
92%
3-88
92%
9-22
92%
9-33
92%
2-66
92%
2-55
92%
1-99
92%
5-22
91%
8-77
91%
8-22
91%
7-88
91%
7-44
91%
9-44
91%
5-33
91%
5-44
91%
9-88
91%
4-77
91%
1-66
91%
3-11
91%
3-44
91%
3-55
91%
7-55
90%
8-88
90%
8-55
90%
8-11
90%
4-55
90%
7-77
90%
7-66
90%
4-66
90%
7-33
90%
7-11
90%
6-55
90%
6-44
90%
6-22
90%
6-11
90%
5-88
90%
4-99
89%
6-99
89%
6-66
89%
4-11
89%
5-66
89%
5-11
89%

Score Distribution

Percentile by Number Answered

Percent of People with Each Score

Your Score History

You have not taken this quiz